000 00395 a2200121 4500
001 ART_3459
005 20260410161715.0
008 260409a
245 1 0 _aLa dinámica del mercado laboral urbano en la Argentina, 1976-1981
100 1 _aDiéguez, Héctor L.
700 1 _aGerchunoff, Pablo
773 0 _tDesarrollo económico
_g- Vol. 24, Nº 93 (abr./jun. 1984)
_wREV1174
999 _c16407
_d16407